[Event "AUT-chT (Women) 2223"]
[Site "Austria"]
[Date "2023.04.15"]
[Round "9.4"]
[White "Bruessow, Nina"]
[Black "Zoehrer, Sarah"]
[Result "0-1"]
[WhiteElo "1712"]
[BlackElo "1654"]
[PlyCount "96"]
[EventDate "2022.10.21"]
[EventType "team-tourn"]
[EventRounds "9"]
[EventCountry "AUT"]
[SourceTitle "EXT 2024"]
[Source "ChessBase"]
[SourceDate "2023.10.10"]
[SourceVersion "1"]
[SourceVersionDate "2023.10.10"]
[SourceQuality "1"]
[WhiteTeam "Dornbirn (W)"]
[BlackTeam "Feffernitz (W)"]
[WhiteTeamCountry "AUT"]
[BlackTeamCountry "AUT"]

1. e4 c5 2. Nf3 b6 3. d4 cxd4 4. Nxd4 Bb7 5. Nc3 a6 6. Be3 e6 7. Qe2 Bb4 8. Bd2 Qc7 9. Qg4 g6 10. 0-0-0 Qc5 11. Be1 Nc6 12. Nxc6 Qxc6 13. f4 Nf6 14. Qe2 0-0 15. e5 Bxc3 16. Bxc3 Nd5 17. Bd2 Rac8 18. Qd3 Qa4 19. Qb3 Qc6 20. h4 Rc7 21. h5 a5 22. Kb1 a4 23. Qf3 Qxc2+ 24. Ka1 Nc3 25. Bd3 Bxf3 26. Bxc2 Bxd1 27. Bxd1 Nxd1 28. Rxd1 Rfc8 29. Bc3 gxh5 30. Rh1 Rc4 31. g3 a3 32. Kb1 b5 33. Rd1 b4 34. Bd2 Kg7 35. Bc1 axb2 36. Bxb2 R8c7 37. Rh1 Kg6 38. Rh2 Rb7 39. Rh1 b3 40. axb3 Rxb3 41. Rg1 Kf5 42. Ka2 Rf3 43. Rh1 Kg4 44. Rh4+ Kxg3 45. Rxh5 Rc2 46. Kb1 Rh2 47. Rg5+ Kxf4 48. Bc1+ Ke4 0-1

[Event "AUT-chT (Women) 2122"]
[Site "Austria"]
[Date "2022.03.27"]
[Round "7.4"]
[White "Zoehrer, Sarah"]
[Black "Wu, Min"]
[Result "0-1"]
[WhiteElo "1657"]
[BlackElo "1945"]
[PlyCount "62"]
[EventDate "2021.11.06"]
[EventType "team-tourn"]
[EventRounds "9"]
[EventCountry "AUT"]
[SourceTitle "EXT 2023"]
[Source "ChessBase"]
[SourceDate "2022.10.05"]
[SourceVersion "1"]
[SourceVersionDate "2022.10.05"]
[SourceQuality "1"]
[WhiteTeam "Feffernitz (W)"]
[BlackTeam "Mayrhofen/Zillertal (W)"]
[WhiteTeamCountry "AUT"]
[BlackTeamCountry "AUT"]

1. d4 Nf6 2. Nf3 e6 3. Bg5 h6 4. Bh4 d5 5. e3 Be7 6. Nbd2 0-0 7. Ne5 Nbd7 8. Bg3 Nxe5 9. Bxe5 c5 10. c3 b6 11. Bd3 a5 12. Qe2 Bb7 13. 0-0 Bd6 14. f4 Ne4 15. Bxd6 Qxd6 16. Nxe4 dxe4 17. Bc4 cxd4 18. cxd4 Rfc8 19. Rfc1 Bd5 20. b3 a4 21. Bxd5 Qxd5 22. Rxc8+ Rxc8 23. bxa4 Qa5 24. Rb1 Qxa4 25. Rxb6 Rc2 26. Qb5 Rc1+ 27. Kf2 Qc2+ 28. Kg3 Rg1 29. Qb2 Rxg2+ 30. Kh3 Rxh2+ 31. Kg3 Qxb2 0-1

[Event "AUT-chT (Women) 1819"]
[Site "Austria"]
[Date "2019.03.30"]
[Round "6.4"]
[White "Landl, Margot"]
[Black "Zoehrer, Sarah"]
[Result "1-0"]
[WhiteElo "1930"]
[BlackElo "1705"]
[PlyCount "57"]
[EventDate "2018.11.17"]
[EventType "team-swiss"]
[EventRounds "7"]
[EventCountry "AUT"]
[SourceTitle "CBM 189 Extra"]
[Source "ChessBase"]
[SourceDate "2019.06.03"]
[SourceVersion "1"]
[SourceVersionDate "2019.06.03"]
[SourceQuality "1"]
[WhiteTeam "Lienz (W)"]
[BlackTeam "Feffernitz (W)"]
[WhiteTeamCountry "AUT"]
[BlackTeamCountry "AUT"]

1. e4 d5 2. exd5 Qxd5 3. Nc3 Qd6 4. d4 Nf6 5. Nf3 a6 6. Bd3 Bg4 7. Be3 Nc6 8. Qe2 Rd8 9. 0-0-0 b5 10. h3 Be6 11. Bxb5 axb5 12. Nxb5 Qd7 13. c4 Nb8 14. Bf4 Na6 15. Ne5 Qc8 16. Nc6 Rd7 17. g4 Qa8 18. Ne5 Rd8 19. d5 Bd7 20. Nxd7 Rxd7 21. g5 Ng8 22. Rhe1 Kd8 23. Rd3 c6 24. dxc6 Qxc6 25. Rxd7+ Kxd7 26. Rd1+ Ke8 27. Qd3 Qc8 28. Na7 Qa8 29. Qd7# 1-0

[Event "AUT-chT (Women) 1718"]
[Site "Austria"]
[Date "2018.04.08"]
[Round "9.2"]
[White "Wunderl, Eva"]
[Black "Zoehrer, Sarah"]
[Result "1-0"]
[WhiteElo "1888"]
[BlackElo "1716"]
[PlyCount "55"]
[EventDate "2017.11.24"]
[EventType "team-tourn"]
[EventRounds "9"]
[EventCountry "AUT"]
[SourceTitle "EXT 2019"]
[Source "ChessBase"]
[SourceDate "2018.10.10"]
[SourceVersion "1"]
[SourceVersionDate "2018.10.10"]
[SourceQuality "1"]
[WhiteTeam "Schach ohne Grenzen (W)"]
[BlackTeam "Feffernitz (W)"]
[WhiteTeamCountry "AUT"]
[BlackTeamCountry "AUT"]

1. e4 c5 2. Nf3 b6 3. Nc3 Bb7 4. g3 a6 5. Bg2 e6 6. 0-0 Ne7 7. d4 cxd4 8. Nxd4 Ng6 9. Be3 Bc5 10. Na4 Be7 11. Ne2 Bc5 12. Bxc5 bxc5 13. Nxc5 Bc6 14. Nd4 Qb6 15. Nxc6 Qxc5 16. Nd4 h5 17. h4 Ra7 18. Nb3 Qc7 19. Qd4 e5 20. Qd2 a5 21. Rad1 a4 22. Nc1 Nc6 23. c3 Nf8 24. Bh3 Na5 25. Qd5 Rb7 26. Nd3 Nc4 27. Nc5 d6 28. Nxb7 1-0

[Event "AUT-chT (Women) 1718"]
[Site "Austria"]
[Date "2018.01.20"]
[Round "5.2"]
[White "Zoehrer, Sarah"]
[Black "Mira, Helene"]
[Result "0-1"]
[WhiteElo "1716"]
[BlackElo "2047"]
[PlyCount "54"]
[EventDate "2017.11.24"]
[EventType "team-tourn"]
[EventRounds "9"]
[EventCountry "AUT"]
[SourceTitle "EXT 2019"]
[Source "ChessBase"]
[SourceDate "2018.10.10"]
[SourceVersion "1"]
[SourceVersionDate "2018.10.10"]
[SourceQuality "1"]
[WhiteTeam "Feffernitz (W)"]
[BlackTeam "Pamhagen (W)"]
[WhiteTeamCountry "AUT"]
[BlackTeamCountry "AUT"]

1. e4 d6 2. Nc3 Nf6 3. f4 e5 4. Nf3 Bg4 5. Bb5+ c6 6. Ba4 Nbd7 7. Bb3 Nc5 8. d3 a5 9. fxe5 Bxf3 10. Qxf3 dxe5 11. Be3 a4 12. Bxc5 Bxc5 13. Bxa4 Qd4 14. Bb3 Bb4 15. Kd2 Rd8 16. Rae1 0-0 17. a3 Ba5 18. Ba2 c5 19. Re3 Rd6 20. g4 c4 21. g5 Nd7 22. Qh5 Nc5 23. Ke2 cxd3+ 24. Kf2 Bxc3 25. bxc3 Nxe4+ 26. Kf3 Nxc3 27. g6 Rf6+ 0-1

[Event "AUT-chT (Women) 1617"]
[Site "Austria"]
[Date "2017.04.22"]
[Round "7.2"]
[White "Kejzar, Petra"]
[Black "Zoehrer, Sarah"]
[Result "1-0"]
[WhiteElo "2013"]
[BlackElo "1708"]
[PlyCount "49"]
[EventDate "2017.01.14"]
[EventType "team-tourn"]
[EventRounds "11"]
[EventCountry "AUT"]
[SourceTitle "EXT 2018"]
[Source "ChessBase"]
[SourceDate "2017.10.13"]
[SourceVersion "1"]
[SourceVersionDate "2017.10.13"]
[SourceQuality "1"]
[WhiteTeam "St Veit/Glan (W)"]
[BlackTeam "Feffernitz (W)"]
[WhiteTeamCountry "AUT"]
[BlackTeamCountry "AUT"]

1. e4 e5 2. Nf3 Nc6 3. Bb5 Nf6 4. d3 Bc5 5. 0-0 Nd4 6. Nxd4 Bxd4 7. c3 Bb6 8. d4 exd4 9. e5 Nd5 10. Qg4 Kf8 11. Qe4 c6 12. Bc4 dxc3 13. Bxd5 cxd5 14. Qxd5 cxb2 15. Bxb2 Bc7 16. Nc3 a6 17. Rac1 Rb8 18. Ne4 Kg8 19. Ba3 b5 20. Rxc7 Qxc7 21. Nd6 h6 22. Rc1 Qd8 23. Nxf7 Bb7 24. Qb3 Qe8 25. Ng5+ 1-0

[Event "AUT-chT (Women) 1617"]
[Site "Austria"]
[Date "2017.03.26"]
[Round "5.3"]
[White "Majkovski, Sarah"]
[Black "Zoehrer, Sarah"]
[Result "0-1"]
[WhiteElo "1612"]
[BlackElo "1708"]
[PlyCount "58"]
[EventDate "2017.01.14"]
[EventType "team-tourn"]
[EventRounds "11"]
[EventCountry "AUT"]
[SourceTitle "EXT 2018"]
[Source "ChessBase"]
[SourceDate "2017.10.13"]
[SourceVersion "1"]
[SourceVersionDate "2017.10.13"]
[SourceQuality "1"]
[WhiteTeam "Extraherb (W)"]
[BlackTeam "Feffernitz (W)"]
[WhiteTeamCountry "AUT"]
[BlackTeamCountry "AUT"]

1. e4 d5 2. exd5 Qxd5 3. Nc3 Qd6 4. d4 Nf6 5. Nf3 a6 6. g3 Bg4 7. Bg2 e6 8. 0-0 Nc6 9. Be3 Qb4 10. Qd2 Rd8 11. a3 Qa5 12. h3 Bxf3 13. Bxf3 Qf5 14. Bxc6+ bxc6 15. Kh2 h5 16. Rad1 h4 17. g4 Qf3 18. Qe2 Bd6+ 19. Kg1 Qxh3 20. f3 Qg3+ 21. Qg2 Rb8 22. b4 Nd5 23. Nxd5 cxd5 24. f4 Qxe3+ 25. Kh2 Bxf4+ 26. Rxf4 Qxf4+ 27. Kg1 Qg3 28. Rd3 Qxg2+ 29. Kxg2 Kd7 0-1

[Event "AUT-chT (Women) 1617"]
[Site "Austria"]
[Date "2017.01.15"]
[Round "2.2"]
[White "Horvath, Reka"]
[Black "Zoehrer, Sarah"]
[Result "1-0"]
[WhiteElo "2029"]
[BlackElo "1708"]
[PlyCount "53"]
[EventDate "2017.01.14"]
[EventType "team-tourn"]
[EventRounds "11"]
[EventCountry "AUT"]
[SourceTitle "EXT 2018"]
[Source "ChessBase"]
[SourceDate "2017.10.13"]
[SourceVersion "1"]
[SourceVersionDate "2017.10.13"]
[SourceQuality "1"]
[WhiteTeam "Feldbach Kirchberg  (W)"]
[BlackTeam "Feffernitz (W)"]
[WhiteTeamCountry "AUT"]
[BlackTeamCountry "AUT"]

1. e4 c5 2. Nf3 b6 3. d4 cxd4 4. Nxd4 Bb7 5. Nc3 a6 6. Bc4 e6 7. 0-0 Qc7 8. Qe2 Bb4 9. Bd2 d6 10. Ncb5 axb5 11. Bxb5+ Nd7 12. Bxb4 Ngf6 13. e5 dxe5 14. Nf3 Bxf3 15. Qxf3 Rc8 16. Qg3 Rg8 17. Rad1 e4 18. Rxd7 Nxd7 19. Rd1 Qxg3 20. Bxd7+ Kd8 21. Bxc8+ Kxc8 22. hxg3 Kc7 23. Bd6+ Kc6 24. Bf4 Ra8 25. a3 Ra5 26. Rd6+ Kc5 27. b4+ 1-0

[Event "AUT-ch U18 Girls"]
[Site "Woerth"]
[Date "2014.04.17"]
[Round "7"]
[White "Mayrhuber, Nikola"]
[Black "Zoehrer, Sarah"]
[Result "0-1"]
[WhiteElo "1740"]
[BlackElo "1711"]
[PlyCount "110"]
[EventDate "2014.04.13"]
[EventType "swiss"]
[EventRounds "7"]
[EventCountry "AUT"]
[SourceTitle "EXT 2015"]
[Source "ChessBase"]
[SourceDate "2014.11.20"]
[SourceVersion "1"]
[SourceVersionDate "2014.11.20"]
[SourceQuality "1"]

1. e4 d5 2. exd5 Qxd5 3. Nc3 Qd6 4. d4 Nf6 5. Nf3 a6 6. g3 Bg4 7. Bg2 Nc6 8. 0-0 0-0-0 9. d5 Nb4 10. Bf4 Qc5 11. Be3 Qd6 12. h3 Bh5 13. Qe2 Nbxd5 14. Nxd5 Qxd5 15. Rad1 Qa5 16. Rxd8+ Kxd8 17. Rd1+ Kc8 18. Qd3 c6 19. Qd4 Qd5 20. Ne5 Qxd4 21. Rxd4 e6 22. g4 Bg6 23. Nxg6 hxg6 24. Bf4 Bc5 25. Rd2 Nd5 26. Bg3 Rd8 27. a3 Nb6 28. Rxd8+ Kxd8 29. Bf1 Ke7 30. Kg2 g5 31. Kf3 f5 32. Be5 Kf7 33. Bd3 Kg6 34. b4 Be7 35. c4 Bf6 36. Bxf6 Kxf6 37. Ke3 Ke5 38. gxf5 exf5 39. c5 Nd5+ 40. Kf3 Nf4 41. Bf1 Ne6 42. Bd3 Nd4+ 43. Kg3 Nb5 44. a4 Nc3 45. Bc2 Nd5 46. b5 axb5 47. axb5 cxb5 48. Bd3 b4 49. Bc2 Kd4 50. Bxf5 b3 51. Kg4 Nc3 52. f3 b2 53. Kxg5 b1Q 54. Bxb1 Nxb1 55. Kg6 Nd2 0-1

[Event "AUT-ch U18 Girls"]
[Site "Woerth"]
[Date "2014.04.15"]
[Round "4"]
[White "Zoehrer, Sarah"]
[Black "Bas, Aydan"]
[Result "1-0"]
[WhiteElo "1711"]
[BlackElo "1499"]
[PlyCount "27"]
[EventDate "2014.04.13"]
[EventType "swiss"]
[EventRounds "7"]
[EventCountry "AUT"]
[SourceTitle "EXT 2015"]
[Source "ChessBase"]
[SourceDate "2014.11.20"]
[SourceVersion "1"]
[SourceVersionDate "2014.11.20"]
[SourceQuality "1"]

1. e4 e5 2. Nc3 Nc6 3. f4 d6 4. Nf3 Bd7 5. Bc4 h6 6. 0-0 Nf6 7. d3 Qe7 8. Nd5 Nxd5 9. Bxd5 f6 10. Nh4 0-0-0 11. Ng6 Qe8 12. Nxh8 Kb8 13. f5 Ne7 14. Bf7 1-0

[Event "Feffernitz Raika op 21st"]
[Site "Feffernitz"]
[Date "2012.08.19"]
[Round "1"]
[White "Strobel, Matthias"]
[Black "Zoehrer, Sarah"]
[Result "1-0"]
[WhiteElo "2087"]
[BlackElo "1728"]
[PlyCount "101"]
[EventDate "2012.08.19"]
[EventType "swiss"]
[EventRounds "9"]
[EventCountry "AUT"]
[SourceTitle "CBM 150 Extra"]
[Source "ChessBase"]
[SourceDate "2012.10.19"]
[SourceVersion "1"]
[SourceVersionDate "2012.10.19"]
[SourceQuality "1"]

1. d4 d5 2. c4 c6 3. Nf3 Nf6 4. Nc3 g6 5. Bg5 Bg7 6. e3 0-0 7. Bd3 Nbd7 8. 0-0 b6 9. Rc1 Ba6 10. Qa4 Bxc4 11. Bxc4 dxc4 12. Qxc6 Rc8 13. Qa4 Qc7 14. Qa3 Rfe8 15. h3 Qb7 16. Qb4 e6 17. Nd2 Qa6 18. a4 Bf8 19. Qb5 Qxb5 20. Nxb5 a6 21. Na3 Bxa3 22. bxa3 b5 23. axb5 axb5 24. f3 Ra8 25. Nb1 Nd5 26. e4 Nc7 27. Bf4 e5 28. Bg3 Na6 29. Rfd1 f6 30. dxe5 Nxe5 31. Rd6 Kg7 32. Nc3 Reb8 33. Nd5 Nd3 34. Rd1 Rf8 35. Nc3 Rfb8 36. Rxa6 Rxa6 37. Bxb8 Rxa3 38. Nxb5 Rb3 39. Nd6 c3 40. Rxd3 Rb1+ 41. Kh2 c2 42. Rc3 c1Q 43. Rxc1 Rxc1 44. Ba7 Rc6 45. Nb5 Ra6 46. Bd4 Ra5 47. Nc3 Kf7 48. g4 Ra3 49. Kg3 Ke6 50. Nd5 Rd3 51. Nf4+ 1-0

[Event "AUT-ch U16 Girls"]
[Site "Untersiebenbrunn"]
[Date "2012.04.03"]
[Round "4"]
[White "Zoehrer, Sarah"]
[Black "Pilsan, Martha"]
[Result "1-0"]
[WhiteElo "1743"]
[BlackElo "1550"]
[PlyCount "57"]
[EventDate "2012.04.01"]
[EventType "swiss"]
[EventRounds "7"]
[EventCountry "AUT"]
[SourceTitle "CBM 147 Extra"]
[Source "ChessBase"]
[SourceDate "2012.04.24"]
[SourceVersion "1"]
[SourceVersionDate "2012.04.24"]
[SourceQuality "1"]

1. Nf3 Nf6 2. d4 g6 3. c4 Bg7 4. Nc3 0-0 5. e4 d6 6. h3 e5 7. d5 Nbd7 8. Be3 a5 9. Qd2 Nc5 10. Bd3 Bd7 11. Bc2 a4 12. Qc1 Qe7 13. Bh6 Rfb8 14. Bxg7 Kxg7 15. Nh2 Qe8 16. g4 b5 17. cxb5 Bxb5 18. h4 Bd7 19. h5 Ng8 20. Rb1 c6 21. Qe3 Qe7 22. hxg6 fxg6 23. dxc6 Bxc6 24. Qh3 Nf6 25. f3 Rh8 26. Nf1 Raf8 27. Qh6+ Kf7 28. Ne3 Ke8 29. Rd1 1-0

[Event "AUT-ch U16 Girls"]
[Site "Untersiebenbrunn"]
[Date "2012.04.02"]
[Round "3"]
[White "Trippold, Denise"]
[Black "Zoehrer, Sarah"]
[Result "1-0"]
[WhiteElo "1737"]
[BlackElo "1743"]
[PlyCount "89"]
[EventDate "2012.04.01"]
[EventType "swiss"]
[EventRounds "7"]
[EventCountry "AUT"]
[SourceTitle "CBM 147 Extra"]
[Source "ChessBase"]
[SourceDate "2012.04.24"]
[SourceVersion "1"]
[SourceVersionDate "2012.04.24"]
[SourceQuality "1"]

1. d4 d5 2. c4 c6 3. Nf3 Nf6 4. e3 g6 5. Nc3 Bg7 6. cxd5 cxd5 7. Bb5+ Bd7 8. Qb3 e6 9. Bxd7+ Qxd7 10. Ne5 Qc8 11. Nb5 Qd8 12. Qc3 Na6 13. Qa3 Bf8 14. Qa4 Nd7 15. Bd2 Nc7 16. Nxd7 Kxd7 17. Nd6+ Ke7 18. Nxb7 Qd7 19. Bb4+ Ke8 20. Qxd7+ Kxd7 21. Bxf8 Rhxf8 22. Nc5+ Ke7 23. Rc1 Rfc8 24. Ke2 Rab8 25. Nd3 f6 26. Rc6 Ne8 27. Rxc8 Rxc8 28. Rc1 Rxc1 29. Nxc1 e5 30. Nd3 e4 31. Nb4 Kd6 32. Kd2 f5 33. Kc3 Nf6 34. h3 g5 35. g3 Nh5 36. Nc2 f4 37. gxf4 gxf4 38. b4 Ke6 39. b5 Kf5 40. a4 Nf6 41. a5 Nd7 42. Nb4 f3 43. Nxd5 Kg5 44. Kd2 Kh5 45. Ke1 1-0

[Event "AUT-ch U14 Girls"]
[Site "Eisenstadt"]
[Date "2010.05.25"]
[Round "7.3"]
[White "Strafinger, Elisabeth"]
[Black "Zoehrer, Sarah"]
[Result "1-0"]
[WhiteElo "1477"]
[BlackElo "1751"]
[PlyCount "31"]
[EventDate "2010.05.22"]
[EventType "swiss"]
[EventRounds "7"]
[EventCountry "AUT"]
[SourceTitle "EXT 2024"]
[Source "ChessBase"]
[SourceDate "2023.10.10"]
[SourceVersion "1"]
[SourceVersionDate "2023.10.10"]
[SourceQuality "1"]

1. e4 c5 2. Nf3 b6 3. d4 cxd4 4. Nxd4 Bb7 5. Nc3 a6 6. Be3 e6 7. Qd2 Bb4 8. f3 Qc7 9. a3 Bxc3 10. bxc3 Nf6 11. Bd3 0-0 12. 0-0 d5 13. Bg5 dxe4 14. Bxf6 exd3 15. Qg5 g6 16. Qh6 1-0

[Event "AUT-ch U18 Girls"]
[Site "Velden"]
[Date "2010.04.01"]
[Round "7.1"]
[White "Froewis, Annika"]
[Black "Zoehrer, Sarah"]
[Result "1-0"]
[WhiteElo "1906"]
[BlackElo "1751"]
[PlyCount "57"]
[EventDate "2010.03.28"]
[EventType "swiss"]
[EventRounds "7"]
[EventCountry "AUT"]
[SourceTitle "EXT 2024"]
[Source "ChessBase"]
[SourceDate "2023.10.10"]
[SourceVersion "1"]
[SourceVersionDate "2023.10.10"]
[SourceQuality "1"]

1. e4 c5 2. Nf3 b6 3. d4 cxd4 4. Nxd4 Bb7 5. Nc3 a6 6. Be3 e6 7. Qd2 Qc7 8. a3 Nf6 9. f3 d5 10. exd5 Nxd5 11. Nxd5 Bxd5 12. Bd3 Bd6 13. h3 Nd7 14. 0-0 Bh2+ 15. Kh1 Ne5 16. Ne2 Nxd3 17. cxd3 Bd6 18. Nc3 Bb3 19. Rac1 Qb7 20. Ne4 Bb8 21. Qc3 Qd5 22. Qxg7 Be5 23. Nf6+ Bxf6 24. Qxf6 Rg8 25. Rc7 Qd6 26. Qxf7+ Kd8 27. Rd7+ Qxd7 28. Bxb6+ Kc8 29. Rc1+ 1-0

[Event "AUT-ch U12 Girls"]
[Site "Vienna"]
[Date "2008.05.13"]
[Round "7"]
[White "Weyringer, Laura"]
[Black "Zoehrer, Sarah"]
[Result "0-1"]
[WhiteElo "1373"]
[BlackElo "1487"]
[PlyCount "58"]
[EventDate "2008.05.10"]
[EventType "swiss"]
[EventRounds "7"]
[EventCountry "AUT"]
[SourceTitle "EXT 2009"]
[Source "ChessBase"]
[SourceDate "2008.11.26"]
[SourceVersion "1"]
[SourceVersionDate "2008.11.26"]
[SourceQuality "1"]

1. e4 e6 2. d4 d5 3. exd5 exd5 4. Bd3 Be6 5. Ne2 Nf6 6. 0-0 c5 7. dxc5 Bxc5 8. Nd2 Nc6 9. Nf3 0-0 10. Be3 Bxe3 11. fxe3 Qb6 12. Qd2 Qxb2 13. Rab1 Qa3 14. Rxb7 Rfd8 15. Ng5 Ne4 16. Rb3 Qe7 17. Nxe4 dxe4 18. Nd4 Nxd4 19. Qb4 Qxb4 20. Rxb4 exd3 21. Rxd4 Rxd4 22. exd4 dxc2 23. Rc1 Rc8 24. Kf2 Bxa2 25. Ke2 Bb1 26. Kd2 a5 27. d5 Rd8 28. Rxc2 Bxc2 29. Kxc2 Rxd5 0-1

[Event "AUT-ch U12 Girls"]
[Site "Vienna"]
[Date "2008.05.12"]
[Round "5"]
[White "Hoelzl, Sarah"]
[Black "Zoehrer, Sarah"]
[Result "1-0"]
[WhiteElo "1397"]
[BlackElo "1487"]
[PlyCount "85"]
[EventDate "2008.05.10"]
[EventType "swiss"]
[EventRounds "7"]
[EventCountry "AUT"]
[SourceTitle "EXT 2009"]
[Source "ChessBase"]
[SourceDate "2008.11.26"]
[SourceVersion "1"]
[SourceVersionDate "2008.11.26"]
[SourceQuality "1"]

1. d4 g6 2. c4 Bg7 3. Nc3 Nf6 4. Nf3 d6 5. Bg5 0-0 6. e4 Bg4 7. h3 Bxf3 8. Qxf3 Nfd7 9. 0-0-0 Nc6 10. d5 Nd4 11. Qe3 c5 12. dxc6 Nxc6 13. Bh6 e6 14. Bxg7 Kxg7 15. Rxd6 Qe7 16. Rd1 Rac8 17. Be2 b6 18. h4 Nce5 19. Qd4 Qc5 20. f4 Rfd8 21. fxe5 Qxe5 22. Qxe5+ Nxe5 23. Rxd8 Rxd8 24. Rd1 Rxd1+ 25. Kxd1 Kf6 26. Kd2 g5 27. hxg5+ Kxg5 28. Ke3 f5 29. exf5 Kxf5 30. Bd3+ Nxd3 31. Kxd3 Kf4 32. Ke2 e5 33. Nd5+ Ke4 34. Nf6+ Kd4 35. b3 h6 36. g4 e4 37. Ng8 e3 38. Nxh6 Ke4 39. Nf7 Kf4 40. g5 Kf5 41. Kxe3 Kg6 42. Nd6 Kxg5 43. Nc8 1-0

[Event "AUT-ch U12 Girls"]
[Site "Vienna"]
[Date "2008.05.10"]
[Round "2"]
[White "Zoehrer, Sarah"]
[Black "Berger, Lisa"]
[Result "1-0"]
[WhiteElo "1487"]
[BlackElo "1467"]
[PlyCount "95"]
[EventDate "2008.05.10"]
[EventType "swiss"]
[EventRounds "7"]
[EventCountry "AUT"]
[SourceTitle "EXT 2009"]
[Source "ChessBase"]
[SourceDate "2008.11.26"]
[SourceVersion "1"]
[SourceVersionDate "2008.11.26"]
[SourceQuality "1"]

1. e4 e5 2. Nf3 Nc6 3. Bc4 d6 4. c3 Nf6 5. Ng5 d5 6. exd5 Nxd5 7. d3 f6 8. Ne4 Be6 9. Qb3 Rb8 10. Be3 a6 11. Nbd2 b5 12. Bxd5 Bxd5 13. Qc2 f5 14. c4 bxc4 15. dxc4 Bf7 16. Bg5 Be7 17. Bxe7 Nxe7 18. Nc5 Qd6 19. Qa4+ Qc6 20. Qxc6+ Nxc6 21. Nxa6 Rb7 22. b3 0-0 23. Nc5 Ra7 24. 0-0 Rd8 25. Rfd1 Raa8 26. a4 f4 27. Nf3 Rxd1+ 28. Rxd1 Bg6 29. Rd7 Ra7 30. Ne6 Bf7 31. Nfg5 Bxe6 32. Nxe6 g6 33. Rg7+ Kh8 34. Rxc7 Rxc7 35. Nxc7 Kg7 36. Nd5 Kf7 37. f3 Ke6 38. Kf2 Kd6 39. b4 Nd4 40. a5 Kc6 41. a6 g5 42. b5+ Kd7 43. a7 Ke6 44. a8Q Kf5 45. Qf8+ Ke6 46. Qf6+ Kd7 47. Qe7+ Kc8 48. Qc7# 1-0